000
00340nam a2200157Ia 4500
003
OSt
005
20240104110721.0
008
170524s9999 xx 000 0 und d
020
_a
9780070669277
040
_c
IIMTU
100
_a
Rao- P. Ramakrishna
245
0
_a
Signals and Systems
260
_b
TMH
260
_c
2011
942
_2
ddc
_c
02
999
_c
5959
_d
5959